| 000 | 00967cam a2200277 4500500 | ||
|---|---|---|---|
| 005 | 20260322001457.0 | ||
| 041 | _afre | ||
| 042 | _adc | ||
| 100 | 1 | 0 |
_aBergounioux, Gabriel _eauthor |
| 245 | 0 | 0 | _aLa langue comme marqueur |
| 260 | _c2020. | ||
| 500 | _a60 | ||
| 690 | _aC’est le géographe chantre de la colonisation | ||
| 690 | _a Onésime Reclus (frère d’Élisée | ||
| 690 | _a autre géographe célèbre) | ||
| 690 | _a qui | ||
| 690 | _a dans son ouvrage | ||
| 690 | _aFrance | ||
| 690 | _a Algérie et colonies | ||
| 690 | _aFrancophonie | ||
| 690 | _aparu en 1886 | ||
| 690 | _a invente le mot « francophonie ». Le terme désigne la communauté des locuteurs | ||
| 690 | _a mais aussi les institutions et les | ||
| 786 | 0 | _nL'Histoire - Les Collections | 88 | 3 | 2020-07-09 | p. 88-91 | 2727-6945 | |
| 856 | 4 | 1 | _uhttps://shs.cairn.info/magazine-hist-l-hisoire-les-collections-2020-3-page-88?lang=fr&redirect-ssocas=7080 |
| 999 |
_c1715136 _d1715136 |
||